Faith & philosophy of Sikhism / (Record no. 36790)

MARC details
000 -LEADER
fixed length control field 00974nam a22002657a 4500
005 - DATE AND TIME OF LATEST TRANSACTION
control field 2010070201021.0
008 - FIXED-LENGTH DATA ELEMENTS--GENERAL INFORMATION
fixed length control field 100702t xxu||||| |||| 00| 0 eng d
010 ## - LCCN (DPL NO)
LC control number ENG-96349
020 ## - INTERNATIONAL STANDARD BOOK NUMBER
International Standard Book Number 9788178357218
Terms of availability 675.00
035 ## - SYSTEM CONTROL NUMBER
System control number EN-79882
037 ## - SOURCE OF ACQUISITION
Source of stock number/acquisition DBAD/PUB
040 ## - CATALOGING SOURCE
Original cataloging agency DPL
Language of cataloging ENG
082 ## - DEWEY DECIMAL CLASSIFICATION NUMBER
Classification number 294.6
100 ## - MAIN ENTRY--PERSONAL NAME
Personal name Harjeet Singh
245 ## - TITLE STATEMENT
Title Faith & philosophy of Sikhism /
Statement of responsibility, etc by Harjeet Singh
260 ## - PUBLICATION, DISTRIBUTION, ETC. (IMPRINT)
Place of publication, distribution, etc Delhi
Name of publisher, distributor, etc Kalpaz Publications
Date of publication, distribution, etc 2009
270 ## - ADDRESS
Address C-30, Satyawati Nagar
City Delhi
Postal code 110052
Telephone number 9212729499
Electronic mail address kalpaz@hotmail.com
300 ## - PHYSICAL DESCRIPTION
Extent vii,323p.
Dimensions 23cm (Hb)
490 ## - SERIES STATEMENT
Series statement Indian religions series: 4
500 ## - GENERAL NOTE
General note includes bibliographical references (p. [307]-315) and Index
650 ## - SUBJECT ADDED ENTRY--TOPICAL TERM
Topical term or geographic name as entry element Sikhism.
650 ## - SUBJECT ADDED ENTRY--TOPICAL TERM
Topical term or geographic name as entry element Philosophy, Sikh.
942 ## - ADDED ENTRY ELEMENTS (KOHA)
Source of classification or shelving scheme Dewey Decimal Classification
Item type English Books
Call number suffix HAR
Classification part 294.6
Holdings
Withdrawn status Lost status Source of classification or shelving scheme Damaged status Not for loan Collection code Home library Current library Date acquired Source of acquisition Cost, normal purchase price Total Checkouts Full call number Barcode Date last seen Copy number Cost, replacement price Koha item type
    Dewey Decimal Classification   Not For Loan Non-fiction D.B.Act.Division D.B.Act.Division 02/07/2010 DBAD/PUB 675.00   294.6 HAR EN-79882 02/07/2010 1 675.00 English Books

© Delhi Public Library
Hit Counter
free hit counter